| 000 | 02452nam0a2200493 4500 | ||
|---|---|---|---|
| 001 | RU\NLR\bibl\448540 | ||
| 005 | 20260405053128.0 | ||
| 010 |
_a5-223-00022-6 _91000 |
||
| 021 |
_aRU _b2003-35217 _91670 |
||
| 035 | _a(NLR Aleph) 000442192 | ||
| 090 |
_a821143 _c821143 |
||
| 100 | _a20030908d2002 |||y0rusy50 ca | ||
| 101 | 0 | _arus | |
| 102 | _aRU | ||
| 105 | _aa ||||||||| | ||
| 200 | 1 |
_aБолезнетворные организмы и биологическое оружие _e[Учеб. пособие по ОБЖ] _fВ.А. Поляков _gИн-т междунар. права, экономики, гуманит. наук и упр. им. К.В. Россинского |
|
| 210 |
_aКраснодар _cИн-т междунар. права, экономики, гуманит. наук и упр. _d2002 |
||
| 215 |
_a198, [4] с. _cил. _d20 |
||
| 300 | _aВ конце кн. авт.: Поляков В.А. - к.б.н. | ||
| 300 | _aНа тит. л.: 10-летию Ин-та посвящается | ||
| 320 | _aБиблиогр. в конце кн. (34 назв.) | ||
| 606 | 0 |
_aБактериологическое оружие _jРуководства, пособия и т.п. _91082545 _3RU\NLR\auth\66104467 |
|
| 606 | 0 |
_aБактериологическое оружие _jУчебные издания _91082545 _3RU\NLR\auth\66104467 |
|
| 606 | 0 |
_aМедицинская микробиология _jРуководства, пособия и т.п. _91087294 _3RU\NLR\auth\66106986 |
|
| 606 | 0 |
_aМедицинская микробиология _jУчебные издания _91087294 _3RU\NLR\auth\66106986 |
|
| 610 | 0 | _aИнфекционные болезни - Возбудители | |
| 610 | 0 | _aИнфекционные болезни - Лечение | |
| 610 | 0 | _aБиологическое оружие - Поражающее действие | |
| 675 |
_a614.8.084(078) _v3 _zrus |
||
| 686 |
_a76.75 _2rugasnti |
||
| 686 |
_a68.9я7 _2rubbk |
||
| 686 | _aЦ581.13я7-1 | ||
| 686 | _aР26я7 | ||
| 686 | _aР19я7 | ||
| 686 | _aР51-5я7 | ||
| 700 | 1 |
_4070 _8rus _7ca _aПоляков _bВ. А. _cканд. биол. наук _f1953- _gВалерий Александрович _3RU\NLR\auth\7717037 _9129 |
|
| 801 | 0 |
_aRU _bRKP _c20030908 _gPSBO |
|
| 801 | 1 |
_aRU _bRKP _c20030908 |
|
| 801 | 2 |
_aRU _bNLR _c20051011 _grcr |
|
| 942 | _cBOOK | ||
| 980 | _aNB | ||
| 980 | _aNBR | ||